00581nam a2200157Ia 4500008004100000082001900041100002300060245002900083260003100112300001000143630001800153650010900171942000900280952011700289999001700406211109s9999||||xx |||||||||||||| ||und|| a891.43 bDHA-K aDharamveer, Bharti 0aKuch Chehre: Kuch Chitan bVANI PrakasanaDelhic1900 a230p. xgeneral stack aLiterature & rhetoricvLiteratures of other languagesx East Indo-European & Celtic literaturesGeneralia cBOOK 00104070aSBCLbSBCLc2d2021-11-09g100.00l0o891.43 DHA-Kp00095973r2021-11-09 00:00:00w2021-11-09yBOOK c53688d53688